000 00361nam a2200133Ia 4500
005 20260328104332.0
008 260328s9999||||xx |||||||||||||| ||und||
100 _aSchwitalla, Ursula
245 0 _aWomen in Architecture :
_b Past, Present, and Future /
_cUrsula Schwitalla
260 _bHatje Cantz
300 _a215 p.
650 _aARQUITECTURA
942 _cBK
999 _c11736
_d11736